000 00822nam a2200277 4500
001
003 DO-SdBNP
005 20220511131905.0
008 140604s2004 sp 000 0 spad d
040 _aBPMSU
_bspa
_cBPMSU
082 _aR923
_bP967H
_222
100 1 _aAdes, Dawn,
_d1943-
245 1 0 _aProtagonistas de la historia /
_cDawn Ades ; prólogo Fernando de Fernando Arrabal
246 1 3 _aSalvador Dalí
_b
260 _aBarcelona :
_bBiblioteca ABC,
_c2004
300 _av. ;
_c23 cm.
490 0 _aProtagonistas de la historia
_v 24
500 _aIncluye índice
590 _6Inventariado,2022/VM
600 1 4 _aDalí, Salvador,
_d1904-1989$
650 4 _aPersonajes
_vBiografías
700 1 _a Arrabal, Fernando
_eprólogo
740 _aSalvador Dalí
910 _aVMateo V
942 _2ddc
_cBK
999 _c14199
_d14199